Que s'est-il passé un 15 mars? - Statistiques

Statistiques générales
  • Ce quiz a été pris 55 fois
  • Le résultat moyen est 8 sur 16
Statistiques - réponses
Année Indice Réponse % Correct
44 av. J-C Ce dirigeant de Rome est assassiné Jules César
100%
1493 Ce navigateur achève son premier voyage vers l'Amérique Christophe Colomb
78%
1917 Ce tsar abdique Nicolas II
78%
2011 Début de la guerre civile dans ce pays contre Bachar el-Assad Syrie
74%
1783 Ce futur Président des États-Unis évite la conspiration de Newburgh George Washington
60%
1972 Ce film de Francis Ford Coppola et oscarisé sort dans les salles Le Parrain
54%
2019 Première modiblisation internationale de la jeunesse pour le climat à l'initiative de cette jeune militante écologiste suédoise Greta Thunberg
50%
1848 Début de la révolution dans ce pays d'Europe centrale Hongrie
46%
1890 Guillaume II retire son soutien à ce chancelier Otto von Bismarck
44%
1939 Cet ancien pays est envahi par l'Allemagne Tchécoslovaquie
44%
1894 La France cède à ce pays le "bec de canard" au profit du Cameroun Allemagne
36%
2019 Ville néo-zélandaise victime d'attentats dans deux mosquées par un terrosriste de l'extême droite Christchurch
34%
2003 François Bozizé réussit son putsch pour le contrôle de ce pays africain République centrafricaine
22%
1820 Cet état devient le 23ème état des États-Unis Maine
14%
1945 Cette revue américaine publie son premier hit parade avec Nat King Cole en tête Billboard
12%
2013 Cet état américain abolit la peine de mort (18ème à le faire) Maryland
10%
Aucun quiz correspondant
Distribution des résultats
% des personnes avec chaque résultat
Percentile par nombre de réponses
Votre historique - résultats
Vous n’avez pas pris ce quiz